01402nam a2200289 a 4500001001000000005001700010008004100027041000800068044000800076084002000084100004500104245010600149260004300255300002200298500023900320500008300559500011900642500001000761546002400771650005200795650005600847650003400903650004500937700004000982700004001022740005001062BRCA_324620190320204202.0110309s1818----enka---###---#000-0#eng-# aeng aenk a547b.C34c18181 aCervantes Saavedra, Miguel ded1547-161610aDon Quixote de la ManchacTranslated from the Spanish of Miguel de Cervantes Saavedra by Mary Smirke. aLondresbT. Cadell and W. Daviesc1818 a4 v.bil.c23 cm. aContenido : v.1. Primera parte. Prefacio de la editora. Noticia biográfica sobre Cervantes tomada de Pellicer. Prólogo del autor. Notas. -- v.2. Texto. -- v.3. Segunda parte. Dedicatoria y prólogo del autor. Notas. -- v.4. Texto aEdición : Embellished with Engravings from Pictures Painted by Robert Smirke aEjemplar por completo igual al anterior [546]. Piel; planos orlados y lomos decorados con dorados Lúdovik Osterc aQM440 aTexto en : inglés14aNovela españolayÉpoca clásica, 1500-170014aLiteratura españolayÉpoca clásica, 1500-170014aNovela españolaySiglo XVII14aDon Quijote (Personaje ficticio)eNovela1 aSmirke, Maryd1789-1853eTraductora1 aSmirke, Robertd1781-1876eGrabador0 aEl Ingenioso Hidalgo Don Quijote de la Mancha